| 000 | 00371nam a2200109Ia 4500 | ||
|---|---|---|---|
| 008 | 181011s9999 xx 000 0 und d | ||
| 100 | _aErnest W.Talibuddin | ||
| 245 | 0 | _aReflections on a Pastoral Ministry in a Plurastic | |
| 500 | _aThe Bulletin of the Henry Martyn Institute of Islamic Studies Jan-June 1996 | ||
| 650 | _aInterfaith Relations and Dialogue | ||
| 942 | _cBR | ||
| 999 |
_c21884 _d21884 |
||